LDR 00925naa#a2200169#i#450# 001 RU\INFRA-M\bibl\115139 005 20260502083625.6 011 ## _a2500-0489 100 ## _a20260217b2026####ek#y0rusy0150####ca 102 ## _aRU 200 1# _aТеорема Дезарга: доказательство на плоскости координатным методом _eЖурнальная статья 210 1# _aМосква _cОбщество с ограниченной ответственностью «Научно-издательский центр ИНФРА-М» _d2026 215 ## _a3 с. 608 ## _aЖурнальная статья _2local 675 ## _aАксиоматика геометрии, основанной на теории решеток, теории тел и дезарговых геометрий алгебраические аспекты). 514.146.01 _z 700 #1 _aСоколова _gЛ. С. 856 4# _azh-szf.ru _u